000 00534nam a2200169 i 4500
001 89457
003 ES-MaACL
005 20230906180159.0
007 t|
008 050110s1955 xxu ||||1| eng d
100 1 _aLangsdorf, Alexander S.
_970074
245 1 0 _aTheory of alternanting-current machinery /
_cAlexander S. Langsdorf.
250 _a2nd ed.
260 _aNew York, etc. :
_bMcGraw-Hill Book Company,
_c1955 (
_fThe Maple Press Company)
300 _aXIX, 666 p. :
_bil. ;
_c24 cm.
852 _aES-MaACL
_jC-10957
_bR.39099
999 _c89457
_d89457